000
00344nam a2200133Ia 4500
008
100328s9999 xx 000 0 und d
082
_b
39968
100
_a
मेहता शाशिकला
245
_a
झुबेदा
260
_b
शांती
630
_a
झुबेदा
730
_a
झुबेदा
942
_c
BOOK
999
_c
528780
_d
528777